Archivos municipales : actas [de las] I Jornadas sobre Gestión del Patrimonio Documental : Córdoba, 29 - 31 Octubre 1998 / Ma Carmen Martínez Hernández actas [de las] I Jornadas sobre Gestión del Patrimonio Documental :
Descripción Física:
124 p. ; 21 cm
MARC
| LEADER | 00000nam a2200000Ia 4500 | ||
|---|---|---|---|
| 001 | 13173 | ||
| 003 | BGR | ||
| 005 | 20260324175556.0 | ||
| 008 | 160829s2000 xx 000 0 cat d | ||
| 080 | |a A-2-117 | ||
| 111 | |a Jornadas sobre Gestión del Patrimonio Documental |9 71233 |c (Còrdova : |d 1988) | ||
| 245 | |a Archivos municipales : |b actas [de las] I Jornadas sobre Gestión del Patrimonio Documental : |b Córdoba, 29 - 31 Octubre 1998 / Ma Carmen Martínez Hernández | ||
| 260 | |a Córdoba : |b la Diputación, |c 2000 | ||
| 300 | |a 124 p. ; |c 21 cm | ||
| 650 | 0 | |a Arxivística |x Congressos |9 24826 | |
| 650 | 0 | |a Arxius municipals |9 41223 | |
| 700 | |a Martínez Hernández, Ma. del Carmen |9 33307 | ||
| 700 | |a Còrdova. Diputación | ||
| 901 | |a Arxiu | ||
| 942 | |n 1 |2 udc |c JC | ||
| 952 | |0 0 |1 0 |4 0 |6 A2117 |7 1 |9 46261 |a Arxiu |b Arxiu |d 2016-12-01 |l 0 |o A-2-117 |p 13173 |r 2016-12-01 00:00:00 |w 2016-12-01 |y ARXIU | ||
| 999 | |c 49763 |d 49763 | ||